Maternity Book (Record no. 2959)
[ view plain ]
| 000 -LEADER | |
|---|---|
| fixed length control field | 00340nam a2200133Ia 4500 |
| 082 ## - DEWEY DECIMAL CLASSIFICATION NUMBER | |
| Classification number | WQ 25 |
| Author Mark | AMC |
| 100 ## - MAIN ENTRY--PERSONAL NAME | |
| Author Name | Army Medical College |
| 245 #0 - TITLE STATEMENT | |
| Title | Maternity Book |
| Statement of responsibility, etc. | Army Medical College |
| 260 ## - PUBLICATION, DISTRIBUTION, ETC. | |
| Place of publication, distribution, etc. | Local |
| Name of publisher, distributor, etc. | Army Medical College |
| 300 ## - PHYSICAL DESCRIPTION | |
| No of Pages | _ |
| 650 ## - SUBJECT ADDED ENTRY--TOPICAL TERM | |
| Subject | Maternity, manuals. |
| 942 ## - ADDED ENTRY ELEMENTS (KOHA) | |
| Koha item type | Books |
| 952 ## - LOCATION AND ITEM INFORMATION (KOHA) | |
| -- | 2018-03-16 |
| Withdrawn status | Lost status | Damaged status | Not for loan | Home library | Current library | Shelving location | Date acquired | Total Checkouts | Full call number | Barcode | Date last seen | Koha item type |
|---|---|---|---|---|---|---|---|---|---|---|---|---|
| Islamabad Medical and Dental College | Islamabad Medical and Dental College | Islamabad Medical and Dental College | 16/03/2018 | WQ 25 | 3989 | 16/03/2018 | Books |
